00425nam a2200157Ia 4500003000400000005001700004008004100021040000900062082002000071100001700091245002900108260004000137300001000177630001800187650006200205OSt20220421114545.0211109s9999||||xx |||||||||||||| ||und|| csbcl a894.8124bWAR-O aWarrier, P A 0aOru Miniyechyr Prapangam bNational Book StallaKottayamc1968 a102p. xGeneral Stack aMalayalam LiteraturevMalayalam Literary HistoryGeneralia